000 01946cam a22005054i 4500
003 PE-LiUPU
005 20250731173059.0
008 150623s1998 xxu rb 000 0 eng d
020 _a0805460853
035 _a(Sirsi) i9780805460858
040 _aPE-LiUPU
_bspa
_cPE-LiUPU
_erda
049 _aPRUA
082 0 4 _a251
_bO43
_221
100 1 _aOlford, Stephen F.,
_eautor.
245 1 0 _aAnointed expository preaching /
_cStephen F. Olford.
264 1 _aNashville, Tennessee :
_bBroadman & Holman Publishers,
_c1998.
300 _a370 páginas ;
_c23 centímetros
336 _atext
_2rdacontent
337 _aunmediated
_2rdamedia
338 _avolume
_2rdacarrier
504 _aIncluye bibliografía.
505 0 _aThe walk to pursue -- The work to perform -- The word to proclaim -- The preacher and worship -- The preacher and music -- The preacher and evangelism -- The preacher and romans.
526 _aSEG42
526 _aSEG41
526 _aSEG40
526 _aSEG39
526 _aP94
526 _aP87
526 _aP86
526 _aP85
526 _aP77
526 _aP76
526 _aP35
650 1 4 _aSermones.
700 1 _aOlford, David L.
942 _2ddc
_cBOOK
949 _a251 O43
_wDEWEY
_c1
_i47851
_lCCODEBUL1
_mBUL
_r0
_sY
_tBOOK
_u2015-6-24
_xTEOLOGIA
_PP35
_0COMPRA
_o.STAFF. Colección Teología
949 _a251 O43
_wDEWEY
_c2
_i48804
_lCCODEBUL1
_mBUL
_r0
_sY
_tBOOK
_u2015-6-24
_xTEOLOGIA
_PP35
_0COMPRA
_o.STAFF. Colección Teología
994 _aC0
_bPEPRU
596 _a1
999 _a251 O43
_wDEWEY
_c27963
_i47851
_f2021-11-10
_g5
_lCCODEBUL1
_mBUL
_p30.00
_r0
_sY
_tBOOK
_u2015-6-24
_xTEOLOGIA
_PP35
_0COMPRA
_o.STAFF. Colección Teología
_d27963
999 _a251 O43
_wDEWEY
_c2
_i48804
_f2021-11-10
_g4
_lCCODEBUL1
_mBUL
_p30.00
_r0
_sY
_tBOOK
_u2015-6-24
_xTEOLOGIA
_PP35
_0COMPRA
_o.STAFF. Colección Teología
980 _81
_gALBERTO SANCHEZ Responsable de Automatización